[Event "Rheinland Pfalz Seniors op"]
[Site "Altenkirchen"]
[Date "2023.09.06"]
[Round "2"]
[White "Meyer, Dieter"]
[Black "Janssens, Manu"]
[Result "1/2-1/2"]
[WhiteElo "1873"]
[BlackElo "1772"]
[PlyCount "74"]
[EventDate "2023.09.05"]
[EventType "swiss"]
[EventRounds "9"]
[EventCountry "GER"]
[SourceTitle "EXT 2024"]
[Source "ChessBase"]
[SourceDate "2023.10.10"]
[SourceVersion "1"]
[SourceVersionDate "2023.10.10"]
[SourceQuality "1"]

1. c4 f5 2. g3 Nf6 3. Bg2 g6 4. Nc3 Bg7 5. d3 d6 6. e3 0-0 7. Nge2 Nc6 8. 0-0 e5 9. a3 a5 10. Rb1 Ne7 11. b4 axb4 12. axb4 Rb8 13. Ba3 Be6 14. b5 Re8 15. Qc2 Qd7 16. Rfc1 c6 17. e4 g5 18. exf5 Nxf5 19. Ne4 Nxe4 20. dxe4 Nd4 21. Qd2 g4 22. Nxd4 exd4 23. c5 d5 24. bxc6 bxc6 25. Rb6 dxe4 26. Bxe4 Bd5 27. Qb4 Rbd8 28. Rb7 Qe6 29. Rxg7+ Kxg7 30. Qxd4+ Qe5 31. Bb2 Qxd4 32. Bxd4+ Kg8 33. Bxd5+ Rxd5 34. Be3 Red8 35. Kg2 Rd1 36. Rc4 h5 37. h3 gxh3+ 1/2-1/2

[Event "Antwerp League-ch Series A"]
[Site "Antwerp"]
[Date "1994.01.30"]
[Round "6"]
[White "Hanssen, Paul"]
[Black "Janssens, Manu"]
[Result "1/2-1/2"]
[WhiteElo "1969"]
[BlackElo "1955"]
[PlyCount "93"]
[EventDate "1993.09.26"]
[EventType "tourn"]
[EventRounds "9"]
[EventCountry "BEL"]
[SourceTitle "EXT 2021"]
[Source "ChessBase"]
[SourceDate "2020.10.23"]
[SourceVersion "1"]
[SourceVersionDate "2020.10.23"]
[SourceQuality "1"]

1. e4 c6 2. d4 d5 3. exd5 cxd5 4. c4 Nf6 5. Nc3 Nc6 6. cxd5 Nxd5 7. Bc4 e6 8. Nf3 Be7 9. 0-0 0-0 10. Re1 Bf6 11. Ne4 h6 12. Nxf6+ Qxf6 13. Ne5 Rd8 14. Nxc6 bxc6 15. Be3 Bb7 16. Qg4 Nxe3 17. fxe3 c5 18. Rf1 Qe7 19. Rxf7 Kxf7 20. Rf1+ Kg8 21. Bxe6+ Kh8 22. Rf7 Qg5 23. Qxg5 hxg5 24. Rxb7 cxd4 25. exd4 Rxd4 26. h3 Rd2 27. Bg4 Rf8 28. Bf3 Rc8 29. a3 Rc1+ 30. Kh2 Ra1 31. Rb8+ Kh7 32. Be4+ g6 33. Rb7+ Kh6 34. Rxa7 Rxb2 35. Ra6 Kg7 36. Rxg6+ Kf7 37. Ra6 Re2 38. Bd5+ Kg7 39. a4 Re5 40. Ra7+ Kg6 41. Bc6 Rc5 42. Be8+ Kf6 43. Rf7+ Ke6 44. Rf2 Re5 45. Rb2 Ra3 46. Rb5 Kf6 47. Rxe5 1/2-1/2

[Event "Antwerp League-ch Series A"]
[Site "Antwerp"]
[Date "1994.??.??"]
[Round "7"]
[White "Janssens, Manu"]
[Black "Luyckx, Wim"]
[Result "1-0"]
[WhiteElo "1955"]
[BlackElo "1975"]
[PlyCount "61"]
[EventDate "1993.09.26"]
[EventType "tourn"]
[EventRounds "9"]
[EventCountry "BEL"]
[SourceTitle "EXT 2021"]
[Source "ChessBase"]
[SourceDate "2020.10.23"]
[SourceVersion "1"]
[SourceVersionDate "2020.10.23"]
[SourceQuality "1"]

1. d4 Nf6 2. c4 c5 3. d5 b5 4. cxb5 a6 5. e3 axb5 6. Bxb5 Qa5+ 7. Nc3 Bb7 8. e4 Nxe4 9. Nge2 Nd6 10. Bd3 Na6 11. 0-0 Nc7 12. Bf4 0-0-0 13. a3 Nxd5 14. Nxd5 Bxd5 15. b4 Qa8 16. bxc5 Ne8 17. Rb1 Nc7 18. Nc3 Bxg2 19. Qb3 e5 20. Bxe5 Bxc5 21. Na4 Bh1 22. Be4 Bxe4 23. Nxc5 d6 24. Nxe4 dxe5 25. Nc5 Rd6 26. Qh3+ Ne6 27. Rfc1 Kd8 28. Nb7+ Ke7 29. Nxd6 Nf4 30. Rc7+ Kxd6 31. Qd7# 1-0